000 01654nam a22004217a 4500
003 CHAP
005 20220329143436.0
008 090831s2009 mx r 00010 spa d
010 _a96665
011 _a97637
035 _a108307
040 _cCHAP
090 _aTesis
100 1 _aPeralta Aban, Julia Angela
_987011
245 1 0 _aInteración genotipo por sistema de alimentación en la evaluación genética de bovinos jersey en México
_c/por Julia Ángela Peralta Aban
260 _aChapingo, Méx. :
_bEl autor,
_c2009
300 _aix, 68 h. :
_bcuadros, gráfs.
502 _aTesis (M.C. en Innovación Ganadera) -- UACH. Departamento de Enseñanza, Investigación y Servicio en Zootecnia
530 _aTambién disponible en línea
590 _aALEPH
_b10
_c20130110
_lUCH01
_h1530
590 _aBATCH-UPD
_b10
_c20130110
_lUCH01
_h1659
590 _aBATCH-UPD
_b10
_c20130410
_lUCH01
_h1047
590 _aBATCH-UPD
_b10
_c20130914
_lUCH01
_h1518
590 _aBATCH-UPD
_b10
_c20140324
_lUCH01
_h1512
590 _aBATCH-UPD
_b10
_c20141002
_lUCH01
_h0840
590 _aCONVERSION
_b10
_c20130109
_lUCH01
_h1353
650 1 4 _aGanado Jersey.
_945149
650 1 4 _aGanado lechero
_xAlimentación.
_945238
650 1 4 _aGanado lechero
_xGenética.
_945267
650 1 4 _aGanado lechero
_xPastoreo.
_945284
650 1 4 _aLeche
_xProducción.
_965400
856 _3Finding aid
_uhttp://10.13.5.2/tesis/108307.pdf
_zTeclea aqui
901 _aBK
911 _aen proceso
942 _cFOLL
949 _aTesis
_bBC
_cTES
_d33724002101371
_eTS1
_gDonaciØn
_h49480
_i108307
_sb
949 _aTesis
_bBC
_cTES
_d33724002101413
_eTS2
_fc.2
_gDonaciØn
_h49481
_i108307
_sb
999 _c96665
_d96665